| 000 | 00000nam##2200000za#4500 |
| 001 | 9.633129 |
| 003 | CaOODSP |
| 005 | 20210624215157 |
| 007 | cr ||||||||||| |
| 008 | 150407|1997||||xxc|||||o f|0| 0 fre|d |
| 040 | |aCaOODSP|bfre |
| 043 | |an-cn--- |
| 086 | 1 |aE94-266/1997F-PDF |
| 110 | 1 |aCanada.|bAgence canadienne de développement international. |
| 245 | 10|aGuide des indicateurs tenant compte des écarts entre les hommes et les femmes / |h[ressource électronique]|cRecherches et compilations effectuées par Tony Beck et Morton Stelcner. |
| 260 | |aHull - Québec : |bAgence canadienne de développement international |c1997. |
| 300 | |a102p.|btableaux |
| 504 | |aBibliographie. |
| 590 | |a06-10-Supp|b2006-12-15 |
| 691 | 07|aÉgalité des sexes|2gcpds |
| 691 | 07|aIndicateur|2gcpds |
| 720 | 1 |aBeck, Tony |
| 720 | 1 |aStelcner, Morton |
| 775 | 08|tGuide to gender-sensitive indicators / |w(CaOODSP)9.688713 |
| 856 | 40|ahttp://publications.gc.ca|qPDF|s761 Ko|uhttps://publications.gc.ca/collections/Collection/E94-266-1997F.pdf |